<?xml version="1.0" encoding="UTF-8"?>
<record
    xmlns:xsi="http://www.w3.org/2001/XMLSchema-instance"
    xsi:schemaLocation="http://www.loc.gov/MARC21/slim http://www.loc.gov/standards/marcxml/schema/MARC21slim.xsd"
    xmlns="http://www.loc.gov/MARC21/slim">

  <leader>02319cam a22003614i 4500</leader>
  <controlfield tag="001">18200618</controlfield>
  <controlfield tag="003">OSt</controlfield>
  <controlfield tag="005">20220609143019.0</controlfield>
  <controlfield tag="008">140625s2016    maua     b    001 0 eng  </controlfield>
  <datafield tag="010" ind1=" " ind2=" ">
    <subfield code="a">  2014944159</subfield>
  </datafield>
  <datafield tag="020" ind1=" " ind2=" ">
    <subfield code="a">9781285858340</subfield>
  </datafield>
  <datafield tag="040" ind1=" " ind2=" ">
    <subfield code="a">DLC</subfield>
    <subfield code="b">eng</subfield>
    <subfield code="e">rda</subfield>
    <subfield code="c">DLC</subfield>
    <subfield code="d">DLC</subfield>
  </datafield>
  <datafield tag="042" ind1=" " ind2=" ">
    <subfield code="a">pcc</subfield>
  </datafield>
  <datafield tag="050" ind1="0" ind2="0">
    <subfield code="a">HF5415</subfield>
    <subfield code="b">.P658 2016</subfield>
  </datafield>
  <datafield tag="082" ind1="0" ind2="0">
    <subfield code="a">658.8</subfield>
    <subfield code="2">23</subfield>
  </datafield>
  <datafield tag="100" ind1="1" ind2=" ">
    <subfield code="a">Pride, William M.,</subfield>
    <subfield code="d">1942-</subfield>
  </datafield>
  <datafield tag="245" ind1="1" ind2="0">
    <subfield code="a">Marketing /</subfield>
    <subfield code="c">William M. Pride, Texas A &amp; M University, O. C. Ferrell, University of New Mexico.</subfield>
  </datafield>
  <datafield tag="246" ind1="1" ind2="0">
    <subfield code="a">Pride &amp; Ferrell marketing</subfield>
  </datafield>
  <datafield tag="250" ind1=" " ind2=" ">
    <subfield code="a">2016 edition.</subfield>
  </datafield>
  <datafield tag="264" ind1=" " ind2="1">
    <subfield code="a">Boston, MA, USA :</subfield>
    <subfield code="b">Cengage Learning,</subfield>
    <subfield code="c">[2016]</subfield>
  </datafield>
  <datafield tag="300" ind1=" " ind2=" ">
    <subfield code="a">xxxi, 687 pages :</subfield>
    <subfield code="b">illustrations ;</subfield>
    <subfield code="c">28 cm</subfield>
  </datafield>
  <datafield tag="336" ind1=" " ind2=" ">
    <subfield code="a">text</subfield>
    <subfield code="b">txt</subfield>
    <subfield code="2">rdacontent</subfield>
  </datafield>
  <datafield tag="337" ind1=" " ind2=" ">
    <subfield code="a">unmediated</subfield>
    <subfield code="b">n</subfield>
    <subfield code="2">rdamedia</subfield>
  </datafield>
  <datafield tag="338" ind1=" " ind2=" ">
    <subfield code="a">volume</subfield>
    <subfield code="b">nc</subfield>
    <subfield code="2">rdacarrier</subfield>
  </datafield>
  <datafield tag="500" ind1=" " ind2=" ">
    <subfield code="a">Part I: MARKETING STRATEGY AND CUSTOMER RELATIONSHIPS.1. An Overview of Strategic Marketing.2. Planning, Implementing, and Evaluating Marketing Strategies.Part II: ENVIRONMENTAL FORCES AND SOCIAL AND ETHICAL RESPONSIBILITIES.3. The Marketing Environment.4. Social Responsibility and Ethics in Marketing.Part III: MARKETING RESEARCH AND TARGET MARKET ANALYSIS.5. Marketing Research and Information Systems.6. Target Markets Segmentation and Evaluation.Part IV: BUYING BEHAVIOR, GLOBAL MARKETING, AND DIGITAL MARKETING.7. Consumer Buying Behavior.8. Business Markets and Buying Behavior.9. Reaching Global Markets.10. Digital Marketing and Social Networking.Part V: PRODUCT DECISIONS.11. Product Concepts, Branding and Packaging.12. Developing and Managing Products.13. Services Marketing.Part VI: DISTRIBUTION DECISIONS.14. Marketing Channels and Supply-Chain Management.15. Retailing, Direct Marketing and Wholesaling.Part VII: PROMOTION DECISIONS.16. Integrated Marketing Communications.17. Advertising and Public Relations.18. Personal Selling and Sales Promotion.Part VIII: PRICING DECISIONS.19. Pricing Concepts.20. Setting Prices.Career Appendix.Financial Analysis.Sample Marketing Plan.</subfield>
  </datafield>
  <datafield tag="504" ind1=" " ind2=" ">
    <subfield code="a">Includes bibliographical references and index.</subfield>
  </datafield>
  <datafield tag="650" ind1=" " ind2="0">
    <subfield code="a">Marketing.</subfield>
  </datafield>
  <datafield tag="700" ind1="1" ind2=" ">
    <subfield code="a">Ferrell, O. C.</subfield>
  </datafield>
  <datafield tag="906" ind1=" " ind2=" ">
    <subfield code="a">7</subfield>
    <subfield code="b">cbc</subfield>
    <subfield code="c">origcop</subfield>
    <subfield code="d">2</subfield>
    <subfield code="e">epcn</subfield>
    <subfield code="f">20</subfield>
    <subfield code="g">y-gencatlg</subfield>
  </datafield>
  <datafield tag="942" ind1=" " ind2=" ">
    <subfield code="2">lcc</subfield>
    <subfield code="c">BK</subfield>
  </datafield>
  <datafield tag="999" ind1=" " ind2=" ">
    <subfield code="c">9005</subfield>
    <subfield code="d">16505</subfield>
  </datafield>
  <datafield tag="952" ind1=" " ind2=" ">
    <subfield code="0">0</subfield>
    <subfield code="1">0</subfield>
    <subfield code="2">lcc</subfield>
    <subfield code="4">0</subfield>
    <subfield code="7">0</subfield>
    <subfield code="a">WIUC-1</subfield>
    <subfield code="b">WIUC-1</subfield>
    <subfield code="c">REF</subfield>
    <subfield code="d">2022-06-09</subfield>
    <subfield code="o">HF5415.P93</subfield>
    <subfield code="p">9268/717/22</subfield>
    <subfield code="r">2022-06-09 00:00:00</subfield>
    <subfield code="t">1</subfield>
    <subfield code="w">2022-06-09</subfield>
    <subfield code="y">BK</subfield>
  </datafield>
  <datafield tag="952" ind1=" " ind2=" ">
    <subfield code="0">0</subfield>
    <subfield code="1">0</subfield>
    <subfield code="2">lcc</subfield>
    <subfield code="4">0</subfield>
    <subfield code="7">0</subfield>
    <subfield code="a">WIUC-1</subfield>
    <subfield code="b">WIUC-1</subfield>
    <subfield code="c">REF</subfield>
    <subfield code="d">2022-06-09</subfield>
    <subfield code="l">0</subfield>
    <subfield code="o">HF5415.P931</subfield>
    <subfield code="p">9269/718/22</subfield>
    <subfield code="r">2022-06-09 00:00:00</subfield>
    <subfield code="t">2</subfield>
    <subfield code="w">2022-06-09</subfield>
    <subfield code="y">BK</subfield>
  </datafield>
  <datafield tag="952" ind1=" " ind2=" ">
    <subfield code="0">0</subfield>
    <subfield code="1">0</subfield>
    <subfield code="2">lcc</subfield>
    <subfield code="4">0</subfield>
    <subfield code="7">0</subfield>
    <subfield code="a">WIUC-1</subfield>
    <subfield code="b">WIUC-1</subfield>
    <subfield code="c">REF</subfield>
    <subfield code="d">2022-06-09</subfield>
    <subfield code="l">0</subfield>
    <subfield code="o">HF5415.P932</subfield>
    <subfield code="p">9270/719/22</subfield>
    <subfield code="r">2022-06-09 00:00:00</subfield>
    <subfield code="t">3</subfield>
    <subfield code="w">2022-06-09</subfield>
    <subfield code="y">BK</subfield>
  </datafield>
</record>
